00652nam a2200205Ia 4500003000400000008004100004020002200045040000800067100002300075245005900098260003000157300001400187365001100201901002100212902003700233903005800270942001200328952008900340999001700429LDD181029s9999 xx 000 0 und d a415955114c550.00 cLDD aKirshner, Jonathan 0aGlobalization and national securitycJonathan Kirshner aNew YorkbRoutledgec2006 aiv, 361p. b550.00 a4266b12-02-2008 aI-1138b26-02-2008cFdAAKARe32 aDiscount-15bReqst by : D. Gopal  2ddccBK 00102ddc4070981128aLDDbLDDl0o355.033 G51p064462r2018-11-01w2018-11-01yBK c81129d81129